| 000 | 01752cam a2200301 a 4500 | ||
|---|---|---|---|
| 999 |
_c27440 _d27411 |
||
| 001 | 14588207 | ||
| 005 | 20190508121141.0 | ||
| 008 | 061010t2007 maua frb 001 0 eng d | ||
| 010 | _a 2006033437 | ||
| 020 | _a0763741493 | ||
| 020 | _a9780763741495 | ||
| 035 | _a(OCoLC)ocm72699639 | ||
| 035 | _a(OCoLC)72699639 | ||
| 040 |
_aDLC _beng _cDLC _dBAKER _dC#P _dYDXCP _dDLC _dEG-ScBUE |
||
| 082 | 0 | 4 |
_a004 _bDAL _222 |
| 100 | 1 |
_aDale, Nell _q(Nell B.) |
|
| 245 | 1 | 0 |
_aComputer science illuminated / _cNell Dale, John Lewis. |
| 250 | _a3rd ed. | ||
| 260 |
_aSudbury, Mass : _bJones and Bartlett Publishers, _cc.2007. |
||
| 300 |
_axxvii, 636 p. : _bill. (some col.) ; _c24 cm. |
||
| 504 | _aIncludes bibliographical references (p. 599-604) and index. | ||
| 520 | _astudents on the dynamic and diverse field of computer science. [In the text, the authors] provide [an] overview of the many aspects of the discipline from a generic view point. Separate program language chapters are available as bundle items for those instructors who would like to explore a particular programming language with their students. The many layers of computing are thoroughly explained beginning with the information layer, working through the hardware, programming, operating systems, application, and communication layers, and ending with a discussion on the limitations of computing. [It is] for introductory computing and computer science courses. [It is also for] computer science majors with a solid foundation for further study, and offers non majors a comprehensive and complete introduction to computing.-Back cover. | ||
| 650 | 7 |
_aComputer science. _2BUEsh |
|
| 651 | _2BUEsh | ||
| 653 |
_bCOMSCI _cMay2019 |
||
| 700 | 1 |
_aLewis, John, _d1963- |
|
| 942 | _2ddc | ||